[Event "Challenge"]
[Site "http://www.queenalice.com/game.php?id=66826"]
[Date "2006.5.4"]
[Round "-"]
[White "fabriciotomasi"]
[Black "pizarro"]
[Result "0-1"]
[WhiteElo "1114"]
[BlackElo "1412"]

1. e4 Nf6 2. Nf3 Nxe4 3. Bd3 d5 4. Nc3 Bf5 5. Qe2 c6 6. a4 Qd6 7. b3 Qf6 8. Bb2
Qg6 9. Ne5 Qxg2 10. Rf1 Qxh2 11. Ba3 Qxe5 12. Nd1 Qxa1 13. Bb2 Qa2 14. Rg1 b5
15. a5 e6 16. Bxg7 Rg8 17. Qh5 Rxg7 18. Rh1 Qxa5 19. Ne3 Qxd2+ 20. Kf1 Qxf2# 0-1

[Event "Challenge"]
[Site "http://www.queenalice.com/game.php?id=67127"]
[Date "2006.5.5"]
[Round "-"]
[White "l"]
[Black "fabriciotomasi"]
[Result "1-0"]
[WhiteElo "1239"]
[BlackElo "1132"]

1. e4 e5 2. Nf3 d6 3. d4 exd4 4. Nxd4 Nc6 5. Nxc6 bxc6 6. Be3 Be6 7. Bd3 Qd7 8.
Nc3 Bg4 9. f3 Be6 10. b4 h5 11. Rb1 Rb8 12. f4 Bg4 13. Qd2 Nf6 14. h3 Be6 15. f5
c5 16. fxe6 fxe6 17. b5 g6 18. Rf1 Bg7 19. a4 e5 20. Bc4 h4 21. g4 c6 22. bxc6
Qxc6 23. Rxb8+ Ke7 24. Rxh8 Bxh8 25. Bb5 Qb6 26. g5 Ng8 27. Nd5+ Ke6 28. Nxb6
Ne7 29. Bd7# 1-0

[Event "AUTO-INT-91"]
[Site "http://www.queenalice.com/game.php?id=67447"]
[Date "2006.5.7"]
[Round "1"]
[White "MarceloLopes"]
[Black "fabriciotomasi"]
[Result "1-0"]
[WhiteElo "1614"]
[BlackElo "1158"]

1. e4 e5 2. d3 Nc6 3. Nc3 Nh6 4. Nd5 Nd4 5. Bg5 Qxg5 6. Nxc7+ Kd8 7. Nxa8 Bb4+
8. c3 Nc6 9. cxb4 Nd4 10. Qc1 Qf6 11. Qc7+ Ke8 12. Qxc8+ Ke7 13. Qxh8 g6 14. Qb8
Ng4 15. f3 Qh4+ 16. g3 Qg5 17. fxg4 Nc2+ 18. Kd1 Nxa1 19. Nf3 Qe3 20. Qxe5+ Kf8
21. Nd2 b5 22. b3 1-0

[Event "AUTO-INT-91"]
[Site "http://www.queenalice.com/game.php?id=67448"]
[Date "2006.5.7"]
[Round "1"]
[White "fabriciotomasi"]
[Black "MarceloLopes"]
[Result "0-1"]
[WhiteElo "1160"]
[BlackElo "1612"]

1. e3 e5 2. Nc3 d6 3. Bb5+ Bd7 4. d3 Be7 5. Qf3 Bf6 6. e4 a6 7. Bc4 Nc6 8. Nd5
Nd4 9. Qh5 Nxc2+ 10. Kd2 g6 11. Qd1 Nxa1 12. b3 Bg5+ 13. Ke2 c6 14. Nb4 Be6 15.
Bb2 Bg4+ 16. f3 Be6 17. g4 a5 18. f4 Bxg4+ 19. Nf3 Nxb3 20. Nc2 Bxf4 21. h3
Bxf3+ 22. Kxf3 Nc5 0-1

[Event "AUTO-INT-91"]
[Site "http://www.queenalice.com/game.php?id=67463"]
[Date "2006.5.7"]
[Round "1"]
[White "fabriciotomasi"]
[Black "claudiocaire"]
[Result "0-1"]
[WhiteElo "1107"]
[BlackElo "1365"]

1. e3 e5 2. Nf3 e4 3. Nd4 Qf6 4. Nc3 c5 5. Ndb5 Kd8 6. Nd5 Qf5 7. c4 Nh6 8. a4
Ng4 9. Qe2 Nc6 10. b3 Nb4 11. Ndc7 Nc2+ 12. Kd1 Nxa1 13. f4 Rb8 14. h3 Nf6 15.
Bb2 Nxb3 16. g4 Qg6 17. f5 Qg5 18. Rg1 Ne8 19. Bg2 a6 20. Nd6 Nxd6 21. Rh1 Kxc7
22. h4 Qe7 23. Ba3 Qe5 24. d4 cxd4 25. Qb2 Na5 26. c5 Ndc4 27. Qb4 Nxe3+ 28. Ke2
b6 29. Rc1 Nxg2 30. cxb6+ Kd8 31. Rg1 Bxb4 32. Bb2 d3+ 33. Kd1 Qxb2 34. Rxg2 d2
35. Ke2 Qc2 36. Rg1 Qd3+ 37. Kf2 Qf3# 0-1

[Event "AUTO-BEG-13"]
[Site "http://www.queenalice.com/game.php?id=68649"]
[Date "2006.5.12"]
[Round "1"]
[White "knightsdefence"]
[Black "fabriciotomasi"]
[Result "0-1"]
[WhiteElo "997"]
[BlackElo "1104"]

1. e4 d6 2. d4 Nf6 3. Bd3 Qd7 4. Ne2 Nc6 5. d5 Nb4 6. a3 Nxd3+ 7. Qxd3 Qa4 8.
Nbc3 Qa5 9. Bg5 h6 10. Bxf6 gxf6 11. b4 Qb6 12. Qd4 Qa6 13. Qd2 h5 14. a4 Bh6
15. Qd3 Qb6 16. b5 e5 17. O-O Qa5 0-1

[Event "AUTO-BEG-13"]
[Site "http://www.queenalice.com/game.php?id=68650"]
[Date "2006.5.12"]
[Round "1"]
[White "fabriciotomasi"]
[Black "knightsdefence"]
[Result "1-0"]
[WhiteElo "1100"]
[BlackElo "1058"]

1. e3 e5 2. Nf3 d6 3. a4 e4 4. Nd4 c5 5. Nb5 a6 6. N5c3 Nf6 7. Bc4 Bd7 8. a5 Be7
9. g3 O-O 10. Nd5 Nxd5 11. Bxd5 Bc6 12. Bb3 Qd7 13. Qh5 Bd8 14. Nc3 Qe7 15. Bd5
b6 16. Bxe4 bxa5 17. Qxh7# 1-0

[Event "AUTO-BEG-13"]
[Site "http://www.queenalice.com/game.php?id=68661"]
[Date "2006.5.12"]
[Round "1"]
[White "fabriciotomasi"]
[Black "suisso"]
[Result "0-1"]
[WhiteElo "1131"]
[BlackElo "1249"]

1. e3 e5 2. Qf3 g6 3. Bd3 Nc6 4. Nc3 a6 5. Nd5 Nf6 6. Nxf6+ Ke7 7. Bc4 Bg7 8.
Ng4 f5 9. b3 e4 10. Qf4 Rf8 11. Ba3+ d6 12. Qg5+ Bf6 13. Nxf6 Rxf6 14. Bb2 Qf8
15. Nh3 h6 16. Bxf6+ Qxf6 17. f4 hxg5 18. c3 g4 19. Ng5 Na5 20. h4 b5 21. Be6
Bxe6 22. d4 Rh8 23. g3 c5 24. a4 bxa4 25. d5 Qxc3+ 26. Ke2 Qb2+ 27. Kd1 Qxa1+
28. Kd2 Qxh1 29. Nxe6 Nxb3+ 30. Kc3 Qc1# 0-1

[Event "AUTO-BEG-13"]
[Site "http://www.queenalice.com/game.php?id=68662"]
[Date "2006.5.12"]
[Round "1"]
[White "suisso"]
[Black "fabriciotomasi"]
[Result "1-0"]
[WhiteElo "1225"]
[BlackElo "1117"]

1. e4 e5 2. Nf3 f6 3. c4 b6 4. g4 Ba6 5. a4 Qe7 6. b3 Nc6 7. Ba3 Qf7 8. d3 Nh6
9. b4 Nxg4 10. b5 Bb7 11. bxc6 Bxc6 12. Bxf8 Qxf8 13. Nh4 Ne3 14. fxe3 g6 15.
Nc3 g5 16. Nf3 g4 17. Nh4 Qh6 18. Nf5 Qg5 19. Qb3 d6 20. c5 g3 21. Qe6+ Kd8 22.
h4 Qg4 23. Qxf6+ Ke8 24. Qe7# 1-0

[Event "Challenge"]
[Site "http://www.queenalice.com/game.php?id=69714"]
[Date "2006.5.17"]
[Round "-"]
[White "fabriciotomasi"]
[Black "ricardoshima"]
[Result "0-1"]
[WhiteElo "1114"]
[BlackElo "1758"]

1. e4 e5 2. f3 Nf6 3. d3 d5 4. exd5 Qxd5 5. Qe2 Bd6 6. Nc3 Qc5 7. a3 O-O 8. b4
Qxc3+ 9. Qd2 Qxa1 10. Ne2 Nc6 11. c3 a5 12. b5 Ne7 13. Qb2 Qxb2 14. Bxb2 Bd7 15.
c4 c6 16. b6 Ra6 17. g3 Rxb6 18. g4 Rxb2 19. Kf2 Bxa3 20. Kg3 b5 21. h4 b4 22.
g5 Nh5+ 23. Kg2 Nf4+ 24. Kg3 Nxe2+ 25. Bxe2 Rxe2 26. Ra1 Nf5+ 27. Kg4 Rg2+ 28.
Kh3 Ne3# 0-1

[Event "Challenge"]
[Site "http://www.queenalice.com/game.php?id=73822"]
[Date "2006.6.2"]
[Round "-"]
[White "fabriciotomasi"]
[Black "pizarro"]
[Result "0-1"]
[WhiteElo "1156"]
[BlackElo "1334"]

1. e4 e5 2. f3 Nf6 3. c4 Bc5 4. a3 Nc6 5. d3 Nd4 6. b4 Be7 7. Bb2 d6 8. Nh3 c5
9. Ng5 cxb4 10. Qa4+ Bd7 11. Qxb4 Nc2+ 12. Kd2 Nxb4 13. axb4 Nh5 14. g4 Bxg5+
15. Ke2 O-O 16. gxh5 Qf6 17. Ra5 Qh6 18. c5 a6 0-1

[Event "Challenge"]
[Site "http://www.queenalice.com/game.php?id=73824"]
[Date "2006.6.2"]
[Round "-"]
[White "fabriciotomasi"]
[Black "dcelink"]
[Result "0-1"]
[WhiteElo "1156"]
[BlackElo "1600"]

1. e4 d5 2. Qf3 e6 3. Bb5+ c6 4. Ba4 b5 5. Bb3 Nf6 6. d3 Nbd7 7. Nh3 h6 8. a4
Nc5 9. d4 Ncxe4 10. c3 b4 11. cxb4 Bxb4+ 12. Nd2 Bxd2+ 13. Kd1 Bxc1 14. Kxc1 Rb8
15. Qe3 Qb6 16. a5 Qxb3 17. Qf4 Qxb2+ 18. Kd1 Qxa1+ 19. Ke2 Qxh1 20. Qxb8 Nc3+
21. Kd3 O-O 22. Qd6 Nce4 23. Qxc6 Qxg2 24. Nf4 Qf3+ 25. Kc2 Qxf4 26. Qb5 Qxf2+
27. Kb3 Qe3+ 28. Kb4 Qc3+ 29. Ka4 Bd7 30. a6 Bxb5+ 31. Kxb5 Rb8+ 32. Ka4 Qa1#
0-1

[Event "Desafio"]
[Site "http://www.queenalice.com/game.php?id=78796"]
[Date "2006.6.21"]
[Round "-"]
[White "dropdead"]
[Black "fabriciotomasi"]
[Result "1-0"]
[WhiteElo "1381"]
[BlackElo "1167"]

1. e4 e5 2. Qf3 Qf6 3. Qc3 b6 4. Ne2 Ba6 5. f3 Qh4+ 6. g3 Qh5 7. Ng1 Bc5 8. Bxa6
Nxa6 9. Ne2 Qh3 10. Ng1 Qg2 11. d3 Qxh1 12. Qxe5+ Be7 13. Kf1 d6 14. Qh5 h6 15.
g4 Nf6 16. Qb5+ Kd8 17. Bf4 1-0